000 00270nam a22001097a 4500
082 _a900/ROY
100 _aRoy, Sujit
_984016
245 _aSwami Vivekananda in Newspapers Abroad
_b1893 - Post 1902
260 _aDelhi
_bNandy Books
_c2024
650 _aHistory
942 _cBK
999 _c69037
_d69037